000 00158nam a2200073Ia 4500
008 170620s9999 xx 000 0 und d
100 _aCHAUDHARY
245 0 _aMULUA SHIKSHA
260 _bAPH PU
999 _c26215
_d26215